000
00302nam a22001457a 4500
008
210304b ||||| |||| 00| 0 eng d
020
_a
9780435085711
041
_a
eng
080
_a
7
082
_a
7
100
_a
44
101
_a
ART
245
_a
From Play to Art
_c
Szekely, G
942
_2
udc
_c
BK
999
_c
55735
_d
55735